[Event "Championnat 13"]
[Site "Vitrolles"]
[Date "2013.02.02"]
[Round "7"]
[White "Scamaroni, Jean-Paul"]
[Black "Beraud, Robert"]
[Result "0-1"]
[WhiteElo "1684"]
[BlackElo "1735"]
[Annotator "Gozzoli,Y"]
[PlyCount "84"]
[EventDate "2012.??.??"]
[EventType "swiss"]
[EventRounds "6"]
[EventCountry "FRA"]
[SourceDate "2005.09.12"]

1. d4 Nf6 2. c4 g6 3. Nc3 Bg7 4. e4 d6 5. f4 {La variante des 4 pions,
spécialité du GMI anglais Glenn Flear et du fort GMI géorgien Baadur Jobava.}
O-O 6. Nf3 c5 {Les Noirs transforment la structure en Benoni.} (6... Na6 {est
aussi possible.}) 7. d5 (7. dxc5 {est la préférence de Glenn}) 7... e6 8. Be2
exd5 9. cxd5 Bg4 10. O-O Nbd7 11. h3 Bxf3 12. Rxf3 $6 {Bizarre, je ne vois pas
l'utilité de cette R en f3.} (12. Bxf3 {protège le pion e4.}) 12... Re8 13. Qc2
Qa5 $6 (13... a6 $142) 14. Bd2 $6 {trop passif.} (14. Be3 $142) 14... a6 $6 {
pas utile !} (14... c4 $1 $15 {suivi de b7-b5 est un thème de cette position.})
15. Kh2 Rab8 $6 (15... Qc7 {avec l'idée b7-b5 et/ou c5-c4 était plus précis.})
16. a4 $1 {enfin !} Qc7 17. a5 $1 $14 {Un excellent coup qui fixe la structure
à l'aile-Q.} Re7 {Une bonne idée, les Noirs veulent augementer la pression sur
e4.} 18. Bf1 $6 {pas la bonne case pour le B.} ({Il fallait renforcer la
protection du pion e4 par} 18. Rff1 $1 Rbe8 19. Bf3 $14) 18... Rbe8 19. Re3 $2
{Diagramme [#] Une faute que les Noirs vont parfaitement exploiter.} (19. Ra4
$1 Qb8 20. Re3 $13) 19... Nh5 $1 20. Ree1 Bxc3 $1 {Il est rare de donner ce B,
mais ici les Noirs vont gagner un important pion central.} 21. bxc3 Nhf6 $17
22. e5 $6 {Ouvrir la position va précipiter la défaite, les Noirs y étant
mieux préparé.} (22. Ra4 Nxd5 23. g3 N5f6 24. Bc1 {était le moindre mal, bien
que la position soit difficile pour les Blancs.}) 22... dxe5 23. g3 Nxd5 $19 {
Le centre blanc s'est totalement écroulé !} 24. fxe5 Nxe5 25. Bg2 Qd7 26. Re4
Nc6 $6 (26... Qf5 $1 27. Rf1 (27. Rae1 Nf6 $19) 27... Nf3+ $1 28. Rxf3 Qxe4 29.
Qxe4 Rxe4 30. Rd3 Nf6 31. Bxe4 c4 $19) 27. Rc4 $4 (27. Rxe7 $17) 27... Ne3 $2 {
gagne quand même.} ({Mais} 27... Re2 $19 {gagnait sur le champ.} 28. Qd1 Nb6
29. axb6 Rxd2 30. Qg1 Ree2) 28. Bxe3 Rxe3 29. Rd1 Qe6 30. Rf4 (30. Rxc5 Rxg3 $1
$19) 30... Re2 31. Qd3 Qa2 {La position noire est totalement gagnante.} (31...
Rd8 $1 32. Qb1 Rxg2+ $1 33. Kxg2 Qe2+ $19) 32. Rg1 Qd2 (32... Rd2 33. Qc4 Ree2
$19) 33. Qc4 Ne5 34. Qxc5 Nd3 35. Qd6 Nxf4 36. Qxf4 Qxf4 37. gxf4 Ra2 38. Kg3
Re3+ 39. Kh4 Rxc3 40. Bxb7 Rxa5 41. Rd1 Rh5+ 42. Kg4 f5# 0-1

[Event "Championnat 13"]
[Site "Vitrolles"]
[Date "2013.02.02"]
[Round "7"]
[White "Joubert, Leo"]
[Black "Parroco, Pierre-Jean"]
[Result "1/2-1/2"]
[WhiteElo "1734"]
[BlackElo "1713"]
[Annotator "Gozzoli,Y"]
[PlyCount "49"]
[EventDate "2012.??.??"]
[EventType "swiss"]
[EventRounds "6"]
[EventCountry "FRA"]
[SourceDate "2005.09.12"]

1. d4 d5 2. c4 e6 3. Nc3 Nf6 4. cxd5 exd5 5. Bg5 {la variante Carlsbad.} Be7 6.
e3 c6 7. Bd3 h6 $6 {une sérieuse faute stratégique. Le petit roque sera
sérieusement endommagé et exposé à une éventuelle attaque à base de g2-g4. De
plus la manoeuvre classique Nbd7-f8-e6 suivi de g7-g6, Ng7, Bf5 est
définitivement impossible, le pion h6 se trouvant affaibli par la poussée
g7-g6.} (7... O-O 8. Qc2 Nbd7 9. Nge2 (9. Nf3 Re8) 9... Re8) 8. Bf4 Bd6 {Les
Noirs perdent beaucoup de temps.} 9. Bxd6 $6 (9. Nge2 $1 Bxf4 10. Nxf4 O-O 11.
h3 Qd6 12. g4 Re8 13. Kf1 $36) 9... Qxd6 10. h3 {Les Blancs ont joué
l'ouverture de manière trop passive et n'ont pas réussi à "punir" les
imprécisions noires.} (10. Nf3 O-O (10... Bg4 11. h3 Bxf3 12. Qxf3 Nbd7 13. g4
$14) 11. Ne5 Nbd7 12. f4 {mérite l'attention.}) 10... b6 $6 {affaiblit c6.} (
10... O-O 11. Nf3 Be6 12. O-O Nbd7 $11) 11. Nf3 Ba6 12. O-O (12. Bxa6 $1 {
était ici une bonne option !} Nxa6 13. O-O O-O 14. Rc1 Nc7 15. Ne5 $14) 12...
Bxd3 13. Qxd3 Nbd7 $6 (13... O-O $11) 14. Rac1 $6 (14. e4 $1 {il faut ouvrir
le centre pour rappeler à l'adversaire que son K s'y trouve encore !} dxe4 15.
Nxe4 Nxe4 16. Qxe4+ Qe6 17. Rfe1 (17. Qxe6+ fxe6 18. Rfe1 Ke7 19. Re2 Rhe8 20.
Rae1 Kd6 21. Nh4 $1 Nf6 22. Ng6 $16) 17... Qxe4 18. Rxe4+ Kf8 19. Rc1 c5 20.
dxc5 Nxc5 21. Rd4 $16) 14... O-O 15. a3 Rfe8 16. b4 $6 (16. Qa6 $5) 16... b5 $1
17. Nd2 a5 $1 $15 {Les Noirs ont très bien réagi à l'attaque de minorité et
détruisent la structure blanche à l'aile-Q} 18. e4 $1 {Les Blancs ont compris
le danger qui les guêtait et cherchent du contre-jeu au centre.} Qf8 $2 {
Pourquoi être si passif ?} (18... axb4 $1 19. e5 Rxe5 $1 20. dxe5 Nxe5 21. Nxb5
(21. Qg3 bxc3 22. Rxc3 d4 $1 23. Rcc1 d3 $17) 21... cxb5 22. Qxb5 bxa3 $15) (
18... dxe4 {était moins compliqué et tout aussi valable.} 19. Ncxe4 Nxe4 20.
Nxe4 Qg6 21. Nc5 Qxd3 22. Nxd3 Re4 23. Rxc6 Rxd4 24. Nc5 axb4 25. axb4 Ne5 26.
Ra6 Rad8 $15) 19. exd5 $6 (19. e5 $1 axb4 20. axb4 Nh7 21. Ne2 $1 {et les
Noirs vont souffrir de leur manque d'espace.}) 19... cxd5 20. Nxb5 (20. bxa5 $5
b4 21. axb4 Qxb4 22. a6 Rec8 $44) 20... axb4 21. axb4 Qxb4 $11 22. Rb1 Qf8 23.
Rb3 Rec8 24. Rfb1 Nb6 25. Nd6 1/2-1/2

[Event "Championnat 13"]
[Site "Vitrolles"]
[Date "2013.02.02"]
[Round "7"]
[White "Figier, Anthony"]
[Black "Muhajiz, Gibran"]
[Result "1-0"]
[WhiteElo "1773"]
[BlackElo "1417"]
[Annotator "Gozzoli,Y"]
[PlyCount "79"]
[EventDate "2012.??.??"]
[EventType "swiss"]
[EventRounds "6"]
[EventCountry "FRA"]
[SourceDate "2005.09.12"]

1. d4 d5 2. c4 e6 3. Nc3 Nf6 4. cxd5 exd5 5. Bg5 {Encore une Carlsbad !} Be7 6.
e3 O-O 7. Bd3 h6 $6 {et encore la même imprécision !} 8. Bh4 Nc6 $6 {Une
mauvaise case pour le N qui ne peut d'ici pas se projeter sur une meilleure
case !} (8... Nbd7) 9. Nge2 Nb4 10. Bb1 Re8 11. O-O Bg4 $6 {Diagramme [#]
L'ouverture noire n'a pas été une réussite et ils se retrouvent dans une
situation très passive.} 12. f3 $1 Bh5 $2 (12... Bc8) 13. Qb3 (13. Bxf6 $1 Bxf6
14. Nf4 Bg6 15. Bxg6 fxg6 16. Qb3 a5 17. a3 Nc6 18. Ncxd5 $18) 13... Nd7 14.
Bf2 $1 {Il ne faut pas échanger les pièces d'un adversaire qui manque d'espace
!} Nb6 (14... c5 15. dxc5 Bxc5 16. a3 Nc6 17. Nxd5 {n'est pas très
encourageant mais était le moindre mal.}) 15. Nf4 $1 Nc4 16. Re1 $2 ({pourquoi
ne pas gagner le matériel par} 16. Nxh5 Nd2 17. Qd1 Nxf1 18. Qxf1 $18) 16...
Nd2 17. Qd1 Nxb1 18. Qxb1 Bg6 19. Nxg6 fxg6 20. Qxg6 {les Noirs n'ont perdu
qu'un pion, mais leur position n'est toujours pas très enviable...} Rf8 21. a3
Rf6 22. Qb1 Nc6 23. Qa2 Kh8 24. Qxd5 {le reste de la partie ne nécéssite pas
de commentaire particulier.} Rd6 25. Qe4 Qd7 26. Rad1 Re8 27. Qc2 Bf6 28. Ne4 (
28. Bg3) 28... Qf5 29. Qb3 Rxe4 30. fxe4 Qxe4 31. Qxb7 Bh4 32. Bxh4 Qxh4 33.
Qxc7 Rg6 34. Qf4 Qh3 35. Qf2 Qg4 36. e4 Rf6 37. Qg3 Qd7 38. d5 Ne7 39. Rf1 Rd6
40. Rf7 1-0

[Event "Championnat 13"]
[Site "Vitrolles"]
[Date "2012.12.08"]
[Round "6"]
[White "Dudognon, Thibault"]
[Black "Busson, Benoist"]
[Result "1/2-1/2"]
[WhiteElo "1921"]
[BlackElo "1949"]
[PlyCount "109"]
[EventDate "2012.??.??"]
[EventType "swiss"]
[EventRounds "6"]
[EventCountry "FRA"]
[SourceDate "2005.09.12"]

1. e4 e5 2. Nf3 Nc6 3. Bb5 Nd4 4. Nxd4 exd4 5. O-O Bc5 6. d3 c6 7. Ba4 Qh4 8.
Nd2 Nf6 9. Nf3 Qh5 10. e5 Nd5 11. Bb3 Nc7 12. Ng5 Qxd1 13. Bxf7+ Kf8 14. Rxd1
h6 15. Ne4 Kxf7 16. Nxc5 b6 17. Ne4 Ke6 18. Bf4 Ba6 19. a3 Nd5 20. Bg3 Rhf8 21.
Re1 c5 22. Nd6 Rab8 23. Re4 Ne7 24. b4 Nf5 25. b5 Bb7 26. Rf4 Nxd6 27. Rxf8
Rxf8 28. exd6 Kf7 29. a4 Bd5 30. a5 Ra8 31. f3 g6 32. Bf4 g5 33. Bg3 h5 34. h3
a6 35. axb6 axb5 36. Rxa8 Bxa8 37. Kf2 Ke6 38. Ke2 c4 39. Bf2 Kd5 40. g3 Bb7
41. f4 g4 42. hxg4 hxg4 43. f5 Ke5 44. Bxd4+ Kxf5 45. Ke3 Bd5 46. Bc5 Ke5 47.
d4+ Kf5 48. Bb4 Bb7 49. Bc3 Bd5 50. Ba5 Bb7 51. Bb4 Bd5 52. Bc3 Bb7 53. Bd2 Bd5
54. Ke2 Ke4 55. c3 1/2-1/2

[Event "Championnat 13"]
[Site "Vitrolles"]
[Date "2013.01.19"]
[Round "6"]
[White "Battaglia, Gerard"]
[Black "Danielan, Kevin"]
[Result "0-1"]
[WhiteElo "1850"]
[BlackElo "1764"]
[PlyCount "64"]
[EventDate "2012.??.??"]
[EventType "swiss"]
[EventRounds "6"]
[EventCountry "FRA"]
[SourceDate "2005.09.12"]

1. d4 d5 2. c4 e6 3. Nc3 Be7 4. Nf3 Nf6 5. Bg5 O-O 6. Qc2 Nbd7 7. e3 h6 8. h4
c6 9. a4 dxc4 10. Bxc4 a5 11. Rd1 Nb6 12. Ba2 Nbd5 13. Nxd5 exd5 14. Ne5 hxg5
15. hxg5 Ne4 16. g6 Be6 17. f3 Bh4+ 18. Ke2 Ng3+ 19. Kd2 Nxh1 20. gxf7+ Bxf7
21. Bb1 Be1+ 22. Rxe1 Qh4 23. Qc1 Ng3 24. Rg1 Rac8 25. Qe1 Rfe8 26. Kd1 b6 27.
Ba2 Rxe5 28. dxe5 Qxa4+ 29. Kd2 Qxa2 30. Qxg3 Qxb2+ 31. Ke1 Qc1+ 32. Kf2 Qd2+
0-1

[Event "Championnat 13"]
[Site "Vitrolles"]
[Date "2013.01.19"]
[Round "6"]
[White "Anton, Jose"]
[Black "Estevez, Eric"]
[Result "1-0"]
[WhiteElo "1890"]
[BlackElo "1980"]
[PlyCount "43"]
[EventDate "2012.??.??"]
[EventType "swiss"]
[EventRounds "6"]
[EventCountry "FRA"]
[SourceDate "2005.09.12"]

1. e4 e5 2. d4 exd4 3. c3 d5 4. exd5 Qxd5 5. cxd4 Nc6 6. Nf3 Nf6 7. Nc3 Bb4 8.
Be2 Bg4 9. O-O Bxc3 10. bxc3 O-O 11. h3 Bh5 12. c4 Qe4 13. Be3 Rad8 14. Ng5
Bxe2 15. Nxe4 Bxd1 16. Nxf6+ gxf6 17. Rfxd1 b6 18. Rd3 Kh8 19. Rad1 a5 20. a3
Rd7 21. Bc1 Ne5 22. dxe5 1-0

[Event "Championnat 13"]
[Site "Vitrolles"]
[Date "2013.01.19"]
[Round "6"]
[White "Faure, Alexandre"]
[Black "Arslan, Peter-Paul"]
[Result "1-0"]
[WhiteElo "1839"]
[BlackElo "1880"]
[PlyCount "35"]
[EventDate "2012.??.??"]
[EventType "swiss"]
[EventRounds "6"]
[EventCountry "FRA"]
[SourceDate "2005.09.12"]

1. e4 c5 2. c3 g6 3. d4 cxd4 4. cxd4 Bg7 5. Nf3 Nc6 6. Nc3 d6 7. Bc4 Nf6 8. h3
O-O 9. O-O Bd7 10. e5 dxe5 11. dxe5 Ne8 12. Qe2 Nc7 13. Rd1 b5 14. Nxb5 Nxb5
15. Bxb5 Qc7 16. Bf4 e6 17. Rac1 Qb6 18. Rxd7 1-0

[Event "Championnat 13"]
[Site "Vitrolles"]
[Date "2013.01.19"]
[Round "6"]
[White "Chauvet, Jean-Marc"]
[Black "Flores, Adrian"]
[Result "1/2-1/2"]
[WhiteElo "1943"]
[BlackElo "1918"]
[PlyCount "52"]
[EventDate "2012.??.??"]
[EventType "swiss"]
[EventRounds "6"]
[EventCountry "FRA"]
[SourceDate "2005.09.12"]

1. e4 c5 2. Nf3 d6 3. Bb5+ Bd7 4. Bxd7+ Qxd7 5. O-O Nc6 6. c3 Nf6 7. Qe2 e6 8.
d4 cxd4 9. cxd4 Be7 10. Nc3 O-O 11. d5 Ne5 12. Rd1 Rad8 13. Be3 exd5 14. Nxe5
dxe5 15. Nxd5 Nxd5 16. Rxd5 Qa4 17. Qb5 Qxb5 18. Rxb5 b6 19. Rxe5 Bf6 20. Rb5
Rfe8 21. f3 Rc8 22. Rd1 Rc2 23. e5 Be7 24. Rd2 Rxd2 25. Bxd2 Bc5+ 26. Kf1 Rxe5
1/2-1/2

[Event "Championnat 13"]
[Site "Vitrolles"]
[Date "2012.12.01"]
[Round "4"]
[White "Battaglia, Gerard"]
[Black "Busson, Benoist"]
[Result "0-1"]
[WhiteElo "1850"]
[BlackElo "1943"]
[Annotator "Gozzoli,Y"]
[PlyCount "58"]
[EventDate "2012.??.??"]
[EventType "swiss"]
[EventRounds "6"]
[EventCountry "FRA"]
[SourceDate "2005.09.12"]

1. d4 d5 2. c4 e5 {Le Contre Gambit Albin. Spécialité du Super-GM Russe
Morozevich. D'ailleurs voici une anecdote marrante à ce propos.  Depuis de
longues années, "Moro" s'était forgé une réputation de joueur original puisque
son répertoire était uniquement composé d'ouvertures à la réputation douteuse 
(surtout au haut-niveau) tel que la Tchigorine (1.d4 d5 2.c4 Nc6) et le
Contre-Gambit Albin.   En 2005, au tournoi de Wijk aan Zee, un joueur (dont je
ne me souviens plus du nom) cherchait une place dans le restaurant quand il
vît le fort GMI Hollando-Bosniaque Ivan Sokolov, assis seul à une table, les
yeux dans le vide. Il s'approcha de lui et lui demanda si tout allait bien et
si il pouvait se joindre à sa table pour dîner. Ivan lui répondit "non ca ne
va pas du tout, je joue Morozevich avec les Blancs demain". Son compère lui
demanda "Et alors? il vaut mieux le jouer avec les Blancs quand même non ?" ce
à quoi Sokolov répondît "Non ! Je suis déjà en zugzwang ! Il a réfuté mon
repertoire !", l'autre "Quelle ligne ?" et Sokolov finalement "1.d4 ! car si
je joue 1.d4 d5 2.c4 il y a e5 !!! et si 1.d4 d5 2.Nf3 alors maintenant il
réfute par 2...Nc6 !!" L'histoire se rappelera juste que Sokolov accepta le
défi du Albin le lendemain et perdît en 30 coups avec les Blancs...} 3. cxd5 $6
{Une faute très sérieuse qui donne l'initiative aux Noirs.} (3. dxe5 d4 4. Nf3
Nc6 {reste la continuation principale qui peut poser le plus de problèmes aux
Noirs.}) 3... Qxd5 4. Nc3 $6 (4. e3 $142 {bien que passif, était le mieux.})
4... Bb4 $6 (4... Qxd4 $1 5. Qxd4 exd4 6. Nb5 Bb4+ 7. Bd2 Bxd2+ 8. Kxd2 Na6 9.
Nxd4 c5 10. Nb5 Be6 $15 {donnait un bon avantage aux Noirs.}) 5. dxe5 $6 {Les
Blancs n'étaient pas inspiré ce jour là !} (5. Nf3 e4 6. Nd2 Qxd4 7. e3 Qd6 8.
Ncxe4 Qg6 9. Ng3 $11) 5... Qxd1+ 6. Kxd1 Bxc3 7. bxc3 Nc6 $11 {Diagramme [#]
Les Noirs ont une position agréable avec un développement simple alors que les
Blancs vont avoir du mal à trouver un abri à leur K et protéger leurs
faiblesses.} 8. f4 $2 {Un gros affaiblissement des cases et surtout de e4.} f6
$1 {très bien joué ! Les Noirs veulent ouvrir la colonne 'e' pour utiliser
l'affaiblissement de la case e4.} 9. e4 (9. exf6 $6 Nxf6 10. Nf3 Bf5 $40) 9...
Bg4+ {pas le plus précis, mais ne gâche pas l'initiative noire.} (9... fxe5 10.
f5 Nf6 11. Bd3 Bd7 12. Nf3 O-O-O {menace Bxf5 suivi de e4.} 13. Kc2 Na5 $1 14.
a4 (14. Nxe5 $4 Ba4+ $1 15. Kb2 Rxd3 $1 16. Nxd3 Nc4+ 17. Kb1 Nxe4 $19) 14...
Rhe8 $15) 10. Kc2 fxe5 11. h3 $6 {aide les Noirs à replacer leur B.} (11. fxe5
Nge7 12. Nf3 Rf8 13. Be2 Nxe5 14. Rb1 O-O-O 15. Ba3 Rde8 16. Rhf1 $11 {/=+})
11... Bh5 12. f5 Nf6 13. g4 Bf7 14. Bd3 O-O-O {Si les Blancs arrivent à
compléter leur développement et à renforcer les cases d3 et e4, ils auraient
alors un sérieux avantage. Cependant, ce n'est pas si simple car les Noirs ont
pas mal de pression.} 15. Nf3 h6 (15... a6 $5) 16. Ba3 $6 {pas la bonne
diagonale pour le B.} (16. Bb5 $1 Rhe8 (16... Nxe4 $6 17. Bxc6 bxc6 18. Nxe5
$16) 17. Re1 a6 18. Bxc6 bxc6 19. Nd2 $14) 16... Rd7 (16... Rhe8 $1 {avec
l'idée Na5-c4 était meilleur.}) 17. Rhe1 (17. Bb5 $1) 17... a6 18. Bc5 Rhd8 (
18... Re8 $5 {/\ Na5-c4}) 19. Bf1 Re8 $11 {Les deux camps ont mobilisé leurs
pièces, et on peut dire que la position est équilibrée, les Blancs ayant plus
d'espace mais aussi plus de faiblesses.} 20. a3 $6 {Un affaiblissement de plus.
Je comprend la volonté des Blancs d'enlever ce pion de la diagonale du Bf7,
mais ce coup affaiblit terriblement les cases blanches.} (20. Bg1 $5 {avec
l'idée Bh2 pour immobiliser les pièces noires à la défense du pion e5 était
très intéressant.}) 20... Na5 $1 {la sanction ne se fait pas attendre, les
Noirs soulignent immédiatement l'affaiblissement des cases blanches.} 21. Rab1
Bc4 $1 22. Nd2 $4 {Une faute tactique qui perd immédiatement.} (22. Be2 Bxe2 (
22... Nxe4 $6 23. Bxc4 Nxc5 24. Be6 Nxe6 25. Rxe5 Nc4 26. Rxe6 $15) 23. Rxe2
Nc4 24. Ra1 Red8 $15) 22... Rxd2+ $1 23. Kxd2 Bxf1 $19 {la suite ne nécessite
pas de commentaires.} 24. Rxf1 Nxe4+ 25. Ke3 Nxc5 26. f6 Nc4+ 27. Ke2 gxf6 28.
Rxf6 Ne4 29. Rf3 Ned2 0-1

[Event "Championnat 13"]
[Site "Vitrolles"]
[Date "2012.11.27"]
[Round "4"]
[White "Chauvet, Jean-Marc"]
[Black "Dudognon, Thibault"]
[Result "0-1"]
[WhiteElo "1943"]
[BlackElo "1906"]
[Annotator "Gozzoli,Y"]
[PlyCount "94"]
[EventDate "2012.??.??"]
[EventType "swiss"]
[EventRounds "6"]
[EventCountry "FRA"]
[SourceDate "2005.09.12"]

1. e4 c5 2. Nf3 d6 3. Bb5+ {La variante de Moscou.} Bd7 4. Bxd7+ Nxd7 $5 {Un
développement récent.} (4... Qxd7 {est plus courant.}) 5. O-O Ngf6 6. Qe2 Rc8
$6 {Je n'aime pas trop ce coup. Il n'y a pas de priorité à placer cette R
rapidement sur la colonne 'c'.} (6... e6) (6... g6) 7. b3 g6 8. Bb2 Bg7 9. c4
e5 {Je ne sais pas si il faut attribuer un !? ou un ?! à ce coup, mais j'ai
beaucoup de mal à "enterrer" ce Bg7 derrière le pion e5. Celà-dit, le Bb2
l'est aussi...} (9... O-O 10. d4 cxd4 11. Nxd4 {amène une structure classique
de Dragon Accéléré ou Maroczy.}) 10. Nc3 Nf8 $1 {La continuation logique de la
conception noire. Le N se dirige vers e6 d'où il pourra aller en d4 ou f4.} 11.
Ng5 $5 {Une idée intéressante. Les Blancs empêchent l'arrivée du N en e6 et
libèrent le pion f2.} Nh5 (11... h6 12. Nh3 Ne6 13. f4 $36) (11... Ne6 $5 12.
Nxe6 fxe6 13. f4 O-O $5) 12. Nh3 Ne6 13. Nd5 {Diagramme [#] Les derniers coups
sont logiques des deux côtés. La partie est très complexe stratégiquement. Les
cases d5 et d4 sont faibles, et les deux camps peuvent pousser f2-f4 ou f7-f5.
La question est de savoir qui va réussir à appliquer ce plan sans trop
s'affaiblir ?} O-O 14. f4 Nd4 $2 {Une grosse faute stratégique qui échange un
fort N contre le "mauvais" Bb2.} (14... exf4 $1 15. Bxg7 Kxg7 16. Nhxf4 Nhxf4
17. Nxf4 Qg5 18. Nd5 Nd4 $13) 15. Bxd4 cxd4 16. f5 $14 Nf6 17. Nxf6+ (17. Qd3
$5 {était une possibilité intéressante. L'idée était qu'après} Nxd5 18. exd5 $1
{Les Blancs vont continuer par Nf2-e4 et installer un monstre en e4, avec un
gros avantage, le Bg7 faisant triste mine.}) 17... Bxf6 18. Rf3 {Toujours très
logique, les Blancs augmentent la pression sur la colonne 'f'. Cependant le
Nh3 ne peut plus atteindre la case d5.} b5 $5 {Une décision importante. Les
Noirs ne veulent pas rester passif et décident de créer du contre-jeu sur
l'aile-Q plutôt que se laisser étouffer.} 19. Nf2 $6 (19. cxb5 Bh4 $1 {pour
libérer la Q de la défense de f6 afin de pouvoir répondre à fxg6 par hxg6.} 20.
Qd3 {pour contrôler la case c2.} Qc7 $1 21. a4 Qc2 22. Qxc2 Rxc2 {/\ Bd8-a5.}
23. f6 {menace g3} h6 24. g3 Bg5 25. Nxg5 hxg5 26. Rd3 g4 $1 $44 {l'activité
des pièces noires compense largement le pion de moins. Les Noirs peuvent
amener leur K en e6 pour attaquer f6 et menacer d6-d5.}) 19... bxc4 20. bxc4 {
maintenant les Noirs ont une cible en c4.} Bg5 {Les Blancs ont des problèmes
pour repositionner leur N et mobiliser leur pion d2 à la défense de c4 car son
avancée affaiblirait les cases c3 et e3. Les Noirs ont un jeu simple :
Attaquer c4 et envahir la colonne 'b'.} 21. Nh3 $6 {Il n'était pas nécessaire
de replacer le N à la bande.} (21. Rb3 Qc7 22. d3 Rb8 23. Rab1 $11) 21... Bh6
22. Rb3 Qa5 23. d3 Rb8 24. Rab1 Rb6 {La position est toujours équilibrée, mais
les Blancs ont de gros problèmes sur les cases noires et le Nh3 est hors-jeu,
contrairement au Bh6.} 25. g4 $6 {Un gros affaiblissement du roque et des
cases noires. Les Blancs devaient rester passifs quelques coups afin de
contrôler l'initiative noire avant de se lancer à l'attaque.} Be3+ 26. Nf2 Rfb8
27. Rxb6 Rxb6 28. Rxb6 Qxb6 29. Kg2 Qb1 $15 {Les Blancs doivent maintenant
être précis pour le pas perdre de matériel. Les Noirs dominent l'échiquier et
peuvent même envisager d'amener leur K de g8 à a3.} (29... Qd8 $5) 30. Nd1 $6 (
30. h4 $11 {pour contrôler la case g5 s'imposait.} g5 $6 31. hxg5 Bxg5 32. Nh3
Be3 33. g5 $1) 30... Bc1 $6 (30... Bg5 $15 {était très pénible. Les Noirs
peuvent envisager un plan à base de a5-a4-a3 puis ramener leur K vers l'aile-Q
alors que les Blancs n'ont pas de plan actif à leur disposition.}) 31. h4 $1 {
finalement !} g5 $1 {excellente réaction ! Les Noirs veulent "geler" l'aile-K
pour pouvoir ensuite s'occuper de l'invasion de l'aile-Q.} 32. hxg5 Bxg5 33.
Nf2 h6 {stabilise la case g5.} 34. a4 $2 {un affaiblissement décisif. Il
fallait laisser le pion a2 au contrôle de la Qe2.} (34. Nh1 $5) 34... Be3 $6 (
34... Qb3 {gagnait le pion a4.} 35. a5 Qa3 $17) 35. Nd1 $6 {passif !} (35. f6
$5 {était une tentative d'activité intéressante, les Noirs devant être très
précis pour maintenir leur avantage.} Bxf2 $1 ({être trop matérialiste par} 
35... Bg5 $2 {peut vite poser des problèmes après} 36. Qf3 $1 Qb6 37. Qf5 $1
Qd8 38. c5 $1 Bxf6 (38... dxc5 39. Qxe5 Qxf6 40. Qxc5 {et les Blancs ne sont
en aucun cas moins bien !}) 39. c6 $132 {et les Noirs sont sur la défensive !})
36. Kxf2 Qh1 $1 $17) 35... Bg5 $17 {maintenant les Noirs vont garder leur
avantage.} 36. Nf2 a5 37. f6 {trop tard !} Qb4 (37... Qb3 $1 $19) 38. Nh3 Bxf6
39. Qf2 Kg7 40. g5 hxg5 $6 (40... Bxg5 $1 $19) 41. Kg3 (41. Qc2 $5 {avec
l'idée Nf2-g4 était plus tenace.}) {maintenant tout est fini.} 41... Qxa4 $19
42. Qf5 Qd1 43. Nf2 Qg1+ 44. Kf3 Qc1 45. Kg2 Qf4 46. Qd7 Kg6 47. Qxd6 g4 0-1